Executive dissent: How to say no and win (Record no. 35452)

MARC details
000 -LEADER
fixed length control field 00281nam a2200109Ia 4500
082 ## - DEWEY DECIMAL CLASSIFICATION NUMBER
Classification number 65.012.5
Item number URI
100 ## - MAIN ENTRY--AUTHOR NAME
Personal name Uris, Auren
245 #0 - TITLE STATEMENT
Title Executive dissent: How to say no and win
260 ## - PUBLICATION, DISTRIBUTION, ETC. (IMPRINT)
Place of publication New York
Name of publisher AMACOM
Year of publication 1978
942 ## - ADDED ENTRY ELEMENTS (KOHA)
Koha item type Books
Holdings
Withdrawn status Lost status Damaged status Not for loan Home library Current library Date acquired Full call number Accession Number Koha item type
        RRII Library RRII Library 16/12/2021 65.012.5 URI 15876 Books